000 00511nam a2200193 a 4500
001 1777105315357
003 YourLibrary
005 20260425135448.0
008 260425s2008##################000#0#eng##
020 _a9788170121473
082 0 4 _a378.008694
_bSUR
100 1 _aMalik, Surendra,
_eauthor.
245 1 0 _aSupreme Court on OBC Reservation :
260 _c2008.
300 _a720 pages
650 0 _aPeople with social disabilities.
942 _cENGLISH
040 _aYourLibrary
_beng
_cYourLibrary
999 _c619957
_d619957